<?xml version="1.0" encoding="UTF-8"?>
<record
    xmlns:xsi="http://www.w3.org/2001/XMLSchema-instance"
    xsi:schemaLocation="http://www.loc.gov/MARC21/slim http://www.loc.gov/standards/marcxml/schema/MARC21slim.xsd"
    xmlns="http://www.loc.gov/MARC21/slim">

  <leader>01406nam#a22004095a#4500</leader>
  <controlfield tag="001">1120</controlfield>
  <controlfield tag="008">100412s1995####ag#####g######001#j#spa#d</controlfield>
  <datafield tag="245" ind1="1" ind2="0">
    <subfield code="a">Cuentos con detectives y comisarios :</subfield>
    <subfield code="b">antolog&#xED;a /</subfield>
    <subfield code="c">dirigida por Herminia Petruzzi.</subfield>
  </datafield>
  <datafield tag="250" ind1=" " ind2=" ">
    <subfield code="a">1&#xAA; ed.</subfield>
  </datafield>
  <datafield tag="260" ind1=" " ind2=" ">
    <subfield code="a">Buenos Aires :</subfield>
    <subfield code="b">Colihue,</subfield>
    <subfield code="c">1995.</subfield>
  </datafield>
  <datafield tag="300" ind1=" " ind2=" ">
    <subfield code="a">201 p. ;</subfield>
    <subfield code="c">18 cm.</subfield>
  </datafield>
  <datafield tag="490" ind1="0" ind2=" ">
    <subfield code="a">Colecci&#xF3;n Literaria ;</subfield>
    <subfield code="v">no. 116</subfield>
  </datafield>
  <datafield tag="505" ind1="0" ind2=" ">
    <subfield code="r">Ayala Gauna, Velmiro</subfield>
    <subfield code="t">Robo en Capibara-Cu&#xE9;</subfield>
  </datafield>
  <datafield tag="505" ind1="0" ind2=" ">
    <subfield code="r">Bosco, Mar&#xED;a Ang&#xE9;lica</subfield>
    <subfield code="t">Enroque al odio</subfield>
  </datafield>
  <datafield tag="505" ind1="0" ind2=" ">
    <subfield code="r">Firpo, Norberto</subfield>
    <subfield code="t">Tiempo de pu&#xF1;ales</subfield>
  </datafield>
  <datafield tag="505" ind1="0" ind2=" ">
    <subfield code="r">Goligorsky, Eduardo</subfield>
    <subfield code="t">Orden jer&#xE1;rquico</subfield>
  </datafield>
  <datafield tag="505" ind1="0" ind2=" ">
    <subfield code="r">Marechal, Leopoldo</subfield>
    <subfield code="t">Narraci&#xF3;n con esp&#xED;a obligado</subfield>
  </datafield>
  <datafield tag="505" ind1="0" ind2=" ">
    <subfield code="r">Peyrou, Manuel</subfield>
    <subfield code="t">Uno en dos</subfield>
  </datafield>
  <datafield tag="505" ind1="0" ind2=" ">
    <subfield code="r">Walsh, Rodolfo</subfield>
    <subfield code="t">Zugzwang</subfield>
  </datafield>
  <datafield tag="505" ind1="0" ind2=" ">
    <subfield code="r">Chesterton, Gilbert</subfield>
    <subfield code="t">El hombre invisible</subfield>
  </datafield>
  <datafield tag="505" ind1="0" ind2=" ">
    <subfield code="r">Poe, Edgar Allan</subfield>
    <subfield code="t">La carta robada</subfield>
  </datafield>
  <datafield tag="505" ind1="0" ind2=" ">
    <subfield code="r">P&#xE9;rez Zelaschi, Adolfo Luis</subfield>
    <subfield code="t">El caso del pintor c&#xE9;lebre</subfield>
  </datafield>
  <datafield tag="505" ind1="0" ind2=" ">
    <subfield code="a">Contiene glosario y propuestas de trabajo</subfield>
  </datafield>
  <datafield tag="020" ind1=" " ind2=" ">
    <subfield code="a">9505811160</subfield>
  </datafield>
  <datafield tag="100" ind1="1" ind2=" ">
    <subfield code="a">Petruzzi, Herminia,</subfield>
    <subfield code="e">director.</subfield>
    <subfield code="4">drt</subfield>
  </datafield>
  <datafield tag="080" ind1=" " ind2=" ">
    <subfield code="a">82-82</subfield>
  </datafield>
  <datafield tag="084" ind1=" " ind2=" ">
    <subfield code="a">C93</subfield>
  </datafield>
  <datafield tag="653" ind1=" " ind2=" ">
    <subfield code="a">Antolog&#xED;as literarias</subfield>
  </datafield>
  <datafield tag="653" ind1=" " ind2=" ">
    <subfield code="a">Cuentos policiales</subfield>
  </datafield>
  <datafield tag="653" ind1=" " ind2=" ">
    <subfield code="a">G&#xE9;nero policial</subfield>
  </datafield>
  <datafield tag="653" ind1=" " ind2=" ">
    <subfield code="a">Policiales de enigma</subfield>
  </datafield>
  <datafield tag="653" ind1=" " ind2=" ">
    <subfield code="a">Literatura policial argentina</subfield>
  </datafield>
  <datafield tag="040" ind1=" " ind2=" ">
    <subfield code="a">AR-ClEAG</subfield>
    <subfield code="c">AR-ClEAG</subfield>
  </datafield>
  <controlfield tag="005">20241107184658.0</controlfield>
  <controlfield tag="003">AR-ClEAG</controlfield>
  <datafield tag="942" ind1=" " ind2=" ">
    <subfield code="c">BK</subfield>
  </datafield>
  <datafield tag="999" ind1=" " ind2=" ">
    <subfield code="c">1120</subfield>
    <subfield code="d">1120</subfield>
  </datafield>
  <datafield tag="980" ind1=" " ind2=" ">
    <subfield code="6">2</subfield>
    <subfield code="a">Evangelina Gallicchio</subfield>
    <subfield code="8">2</subfield>
    <subfield code="g">Evangelina Gallicchio</subfield>
  </datafield>
  <datafield tag="952" ind1=" " ind2=" ">
    <subfield code="0">0</subfield>
    <subfield code="1">0</subfield>
    <subfield code="2">udc</subfield>
    <subfield code="4">0</subfield>
    <subfield code="7">0</subfield>
    <subfield code="a">EAC</subfield>
    <subfield code="b">EAC</subfield>
    <subfield code="c">Entretenimientos</subfield>
    <subfield code="d">2024-11-07</subfield>
    <subfield code="i">799</subfield>
    <subfield code="l">0</subfield>
    <subfield code="o">R7 82-82 C93 Ej.1</subfield>
    <subfield code="p">799</subfield>
    <subfield code="r">2024-11-07 18:46:58</subfield>
    <subfield code="w">2024-11-07</subfield>
    <subfield code="y">BK</subfield>
  </datafield>
</record>
